000 00551nam a2200193Ia 4500
005 20250507130223.0
008 008 250505s9999 xx 000 0 eng d
037 _aSeries Article
040 _aEASL
_beng
_cEASL
041 _aeng
_2eng
084 _qEASL
100 _aCoble Parks M
245 0 _aWriting about atrocity:wartime accounts and their contemporary uses
260 _aUK
_bCambridge Cambridge University Press UK
_c2011
300 _a379-398
650 _aAsian Studies
942 _cSRA
999 _c1318395
_d1318395